Pravidlá počítačovej komunikácie informačných systémov v SR dátové štandardy a ich modely

Guardado en:
Detalles Bibliográficos
Autor principal: Mozolíková, Margita
Otros Autores: Mosný, Martin
Formato: Libro
Lenguaje:eslovaco
Publicado: Bratislava ELITA 1999
Materias:
Etiquetas: Agregar Etiqueta
Sin Etiquetas, Sea el primero en etiquetar este registro!

MARC

LEADER 00000nam a2200000 4500
001 c108180
005 20221102132815.2
020 |a 80-85323-97-4 
041 0 |a slo 
044 |a SK 
245 1 0 |a Pravidlá počítačovej komunikácie informačných systémov v SR  |b dátové štandardy a ich modely  |c Margita Mozolíková - Martin Mosný 
264 1 |a Bratislava  |b ELITA  |c 1999 
300 |a 269 s. 
610 2 0 |a počítače 
610 2 0 |a komunikácia 
610 2 0 |a systémy informačné 
610 2 0 |a dáta 
610 2 0 |a modely 
610 2 0 |a normy 
610 2 0 |a štandardy 
610 2 0 |a technika 
610 2 0 |a štát 
610 2 0 |a katalógy 
610 2 0 |a analýzy 
610 2 0 |a legislatíva 
610 2 0 |a predpisy 
610 2 0 |a symboly 
610 2 0 |a modelovanie matematické 
610 2 0 |a logika matematická 
610 2 0 |a informatika 
610 2 0 |a zákony 
610 2 0 |a Zákon č. 261/1995 Z.z. 
610 2 0 |a Slovensko 
610 2 0 |a MLM 
610 2 0 |a MTS 
100 1 |a Mozolíková, Margita 
700 1 |a Mosný, Martin